000 00869nam a22003017a 4500
001 BR2011008288
003 BR-BrBNA
005 20230928103827.0
007 ta
008 230509b bl.||||| |||| 00| 0 por d
040 _aBR-BrBNA
_bpor
_cBiblioteca Nacional de Agricultura
041 _a(Por)
072 _aE14
090 _ E14 BR2011008288
100 1 _aPereira, D.D. (ed.)
110 1 _aSimonsen Associados, São Paulo, SP (Brasil)
_99486
245 1 _aMercosul: o desafio do marketing de integração
260 3 _aSão Paulo, SP (Brasil):
_c1992.
300 _a110 p.
500 _aBibliography p. 107-109 (33 ref.); 2 illus.; 5 graphs.; 16 tables
650 _aMERCOSUL
650 _aAMÉRICA LATINA
650 _aINTEGRAÇÃO
650 _aPESQUISA DE MERCADO
650 _aECONOMIA
909 _a202309
_bLucia
_c55
_dLucia Elande
942 _cBK
999 _c76806
_d76806